00678 2200241 4500001002100000005001700021008004100038020002200079035002500101040001200126082001700138084001900155100003100174245007700205250001100282260003300293300002300326650001600349700002300365850001200388990001800400990001800418INLIS00000000001196020151013102656.0  a978-602-978-956-0 a0010-091500000000473 aYOPDYOG 223a297.3824 a297.3824 Ima S aIMAM Ahmad bin Ali al-Buti aSyamsul Maarifc/ Imam Ahmad bin Ali al-Buti; editor, Abdul Qodir Shaleh aCet. 1 aJogjakartabDiva Pressc2011 a215 hlm.c; 20 cm. aDoa (Islam) aABDUL Qodir Shaleh aYOPDYOG a50235-PD/A.15 a50236-PD/A.15